Wathman gatalu ha lankiya kanthawa (Record no. 2135)
[ view plain ]
| 000 -LEADER | |
|---|---|
| fixed length control field | 00430nam a2200157Ia 4500 |
| 005 - DATE AND TIME OF LATEST TRANSACTION | |
| control field | 20250613011057.0 |
| 008 - FIXED-LENGTH DATA ELEMENTS--GENERAL INFORMATION | |
| fixed length control field | 240331s9999 xx 000 0 und d |
| 020 ## - INTERNATIONAL STANDARD BOOK NUMBER | |
| ISBN | 9559052888 |
| 082 ## - DDC Classification | |
| Item Number - Author Mark | WAT |
| Class No. | 306 |
| 100 ## - MAIN ENTRY--PERSONAL NAME | |
| Personal name | Kantha Paryeshana kendraya |
| 245 #0 - TITLE STATEMENT | |
| Title | Wathman gatalu ha lankiya kanthawa |
| 260 ## - PUBLICATION, DISTRIBUTION, ETC. | |
| Place of publication, distribution, etc. | Colombo |
| Name of publisher, distributor, etc. | Women's Research Centre |
| Date of publication, distribution, etc. | 2000 |
| 300 ## - PHYSICAL DESCRIPTION | |
| Extent (e.g. Volumes, Pages etc.) | 83 p ., |
| 500 ## - GENERAL NOTE | |
| General note | Current Issue and Sri Lankan Women |
| 942 ## - Koha item type (Biblio) | |
| Koha item type | Books in Stacks (Lending) |
| Lost status | Damaged status | Collection code | Home library | Current library | Shelving location | Date acquired | Full call number | Accession Number | Item type |
|---|---|---|---|---|---|---|---|---|---|
| Lending | WERC Library | WERC Library | Social Science Cupboard | 03/31/2024 | 306 WAT | 4864 | Books in Stacks (Lending) |
